| 000 | 00860cam a2200181 i 4500 | ||
|---|---|---|---|
| 082 | 0 | 0 |
_a628.15 _bCLA |
| 110 | 2 |
_aNational Clay Pipe Institute (U.S.) _944270 |
|
| 245 | 1 | 0 |
_aClay pipe engineering manual : _bengineering reference data applicable to the design and construction of sanitary sewer systems, storm water drainage systems, subsoil drainage, roadway drainage, airport drainage. |
| 260 |
_aCrystal Lake, Ill. : _bNational Clay Pipe Institute, _c[1972] |
||
| 300 |
_a148 p. : _bill. ; _c25 cm. |
||
| 500 | _aPublished in 1953 by the body under an earlier name: Clay Products Association. | ||
| 526 |
_a0 _b0 _c0 _d628_150000000000000_CLA |
||
| 650 | 0 |
_aDrainage _xHandbooks, manuals, etc. _943669 |
|
| 650 | 0 |
_aMCE _9379 |
|
| 650 | 0 |
_aPipe, Clay _xHandbooks, manuals, etc. _944271 |
|
| 710 | 2 |
_aClay Products Association, Chicago. _944272 |
|
| 942 |
_2ddc _cBK |
||
| 999 |
_c548110 _d548110 |
||